00661 a2200169 4500952012400000999001500124020002200139050001800161245007800179264005000257300002000307500001900327504006400346650002600410700002900436942002600465 001040708REFaMCLbMCLcREFd2021-05-20i10194l0oB 720 MCG 2003p014941r2021-05-20 00:00:00tc.1w2021-05-20yREF c8573d8573 a0521000635 (pbk.)00aB720 MCG 200304aThe Cambridge companion to medieval philosophy /cedited by A.S. McGrade. aCambridge:bCambridge University Press,c2003 axviii, 405 p. ; aIncludes index aIncludes bibliographical references (p. 360-397) and index. 0aPhilosophy, Medieval.1 aMcGrade, Arthur Stephen. 2lcccREFh720iMCGkB